| 000 | 00546nam a22001457a 4500 | ||
|---|---|---|---|
| 003 | 0 | ||
| 005 | 20221015105132.0 | ||
| 008 | 221015b xxu||||| |||| 00| 0 eng d | ||
| 050 |
_aLB1025.3 _b.Sh58 2021 |
||
| 245 |
_aAcomparartive study of teaching strategies in the core subjects of grade 7-12 of southville international school and colleges _cGreatchen V. Shultz |
||
| 260 |
_aLas Pinas, Philippines _bSouthville International School and Colleges _cC2021 |
||
| 300 |
_avi,50pp. _c28cm. _fTheses |
||
| 500 | _aTeaching strategies. | ||
| 942 |
_2lcc _cTH |
||
| 999 |
_c364854 _d364854 |
||